Návrh metodiky analýzy rizík porúch pri vývoji nových pracovísk pomocou MFMEA

Gespeichert in:
Bibliographische Detailangaben
1. Verfasser: Verner, Marek (Verfasst von)
Weitere Verfasser: Červeňan, Andrej (Betreuung Doktorarbeit)
Format: Manuskript Buch
Sprache:Slowakisch
Veröffentlicht: 2015
Schlagworte:
Online-Zugang:http://is.stuba.sk/zp/portal_zp.pl?podrobnosti=112904
Tags: Tag hinzufügen
Keine Tags, Fügen Sie das erste Tag hinzu!

MARC

LEADER 00000ntm a22000003a 4500
001 stuzp53938
003 SK-STU
005 20160719154610.7
007 ta
008 150427s2015----xo-----f-mn---000-0-slo-d
040 |a STU  |b slo 
041 0 |a slo 
100 1 |a Verner, Marek  |u 020070  |4 aut  |U SjF Strojnícka fakulta  |T SjF Ústav výrobných systémov, enviromentálnej techniky a manažment kvality  |X 65696  |U J0070  |Y 804  |7 65696 
242 0 1 |a Draft risk analysis methodologies disorders in the development of new workplaces by FMEA  |y eng 
245 1 0 |a Návrh metodiky analýzy rizík porúch pri vývoji nových pracovísk pomocou MFMEA 
260 |c 2015 
650 4 |a príčina  |2 slo 
650 4 |a dôsledok  |2 slo 
650 4 |a FMEA  |2 slo 
650 4 |a result  |2 eng 
650 4 |a FMEA  |2 eng 
650 4 |a cause  |2 eng 
700 1 |a Červeňan, Andrej  |4 ths  |X 2273  |7 A000002273 
856 4 |u http://is.stuba.sk/zp/portal_zp.pl?podrobnosti=112904 
996 |b 284J043877  |c J* 2167/DP  |l JJSK  |s A  |a 24  |w stuzp53938_0001 
SQL |a stuzp53938  |b DDP  |c SLO  |d Návrh metodiky analýzy rizík porúch pri vývoji nových pracovísk pomocou MFMEA  |e 65696  |f Verner, Marek  |g 020070  |h 2273  |i Červeňan, Andrej  |j 20150618  |k 649  |l 02  |m http://is.stuba.sk/zp/portal_zp.pl?podrobnosti=112904  |n I-KPSP  |o 5.2.57. kvalita produkcie